000 00384nam a2200145Ia 4500
100 _aCarter/Earl M.A
942 _cBK
366 _f20
654 _aperformance management
245 _aImproving employee performance through workplace coaching-Performance management
260 _bKogan Page
_aNew Delhi
_c2005
082 _a658.3125/CAR
_bCAR
300 _a178
546 _aENGLISH
999 _c25597
_d25597